Night vision (Record no. 4816)

MARC details
000 -CABECERA
campo de control de longitud fija 01695pam a22003131i 4500
001 - NÚMERO DE CONTROL
campo de control 991025337733607026
003 - IDENTIFICADOR DEL NÚMERO DE CONTROL
campo de control UkOxU
005 - FECHA Y HORA DE LA ÚLTIMA TRANSACCIÓN
campo de control 20250703125158.0
006 - CÓDIGOS DE INFORMACIÓN DE LONGITUD FIJA--CARACTERÍSTICAS DEL MATERIAL ADICIONAL
campo de control de longitud fija m || d |
007 - CAMPO FIJO DE DESCRIPCIÓN FÍSICA--INFORMACIÓN GENERAL
campo de control de longitud fija cr |||||||||||
008 - DATOS DE LONGITUD FIJA--INFORMACIÓN GENERAL
campo de control de longitud fija 230622r20232020enka o 001|0 eng|d
020 ## - NÚMERO INTERNACIONAL ESTÁNDAR DEL LIBRO
Número Internacional Estándar del Libro 9781786277237
035 ## - NÚMERO DE CONTROL DEL SISTEMA
Número de control de sistema (Uk)021120787
037 ## - FUENTE DE ADQUISICIÓN
Número de adquisición 9781399620048
Fuente del número de adquisición Hachette UK
040 ## - FUENTE DE LA CATALOGACIÓN
Centro catalogador/agencia de origen StDuBDS
Lengua de catalogación eng
Normas de descripción rda
-- pn
Centro/agencia transcriptor StDuBDS
Centro/agencia modificador Uk
-- UkOxU
041 ## - CÓDIGO DE LENGUA
Código de lengua del texto/banda sonora o título independiente eng
042 ## - CÓDIGO DE AUTENTICACIÓN
Código de autenticación ukblsr
050 ## - SIGNATURA TOPOGRÁFICA DE LA BIBLIOTECA DEL CONGRESO
Número de clasificación BF1091
Número de documento/Ítem .F736 2020
100 ## - ENTRADA PRINCIPAL--NOMBRE DE PERSONA
Nombre de persona Francis-Cheung, Theresa
Término indicativo de función/relación author
9 (RLIN) 25647
245 10 - MENCIÓN DE TÍTULO
Título Night vision
Resto del título : a field guide to your dreams
Mención de responsabilidad, etc. / Theresa Cheung ; illustrations by Léa Chassagne.
260 ## - PUBLICACIÓN, DISTRIBUCIÓN, ETC.
Lugar de publicación, distribución, etc. London :
Nombre del editor, distribuidor, etc. Laurence King Publishing,
Fecha de publicación, distribución, etc. 2023.
300 ## - DESCRIPCIÓN FÍSICA
Extensión 143 pages :
Otras características físicas illustrations (color) ;
Dimensiones 21 cm.
520 ## - SUMARIO, ETC.
Sumario, etc. Night Vision is a visual field guide to the richly rewarding art of dream interpretation. Have you ever dreamt that you were flying? That you missed your flight? Or that you got a radical new haircut? Keep a copy of this beautifully illustrated book by your bedside table to help you understand what your dreams are trying to tell you. First you need to learn the techniques, including how to get a good night's sleep, how to recall your dreams and understand the symbolic language through which they unfold. Then you can start interpreting: over 50 common dream themes are explained with accompanying illustrations. Understand what your mind is telling you when you're asleep, and you'll unlock your true potential when you're awake.
650 #0 - PUNTO DE ACCESO ADICIONAL DE MATERIA--TÉRMINO DE MATERIA
Término de materia o nombre geográfico como elemento de entrada Dream interpretation
9 (RLIN) 12913
650 #0 - PUNTO DE ACCESO ADICIONAL DE MATERIA--TÉRMINO DE MATERIA
Término de materia o nombre geográfico como elemento de entrada Dreams
9 (RLIN) 8839
650 #0 - PUNTO DE ACCESO ADICIONAL DE MATERIA--TÉRMINO DE MATERIA
Término de materia o nombre geográfico como elemento de entrada Sleep
9 (RLIN) 11641
700 ## - ENTRADA AGREGADA--NOMBRE PERSONAL
Nombre de persona Chassagne, Léa
Término indicativo de función/relación illustrator
9 (RLIN) 25648
942 ## - ELEMENTOS DE ENTRADA AGREGADA (KOHA)
Fuente del sistema de clasificación o colocación Clasificación de Library of Congress
Holdings
Estado de retiro Estado de pérdida Fuente del sistema de clasificación o colocación Estado dañado No para préstamo Biblioteca de origen Biblioteca actual Fecha de adquisición Total de préstamos Signatura topográfica completa Código de barras Fecha visto por última vez Número de copia Precio válido a partir de Tipo de ítem Koha
    Clasificación de Library of Congress     TBS Barcelona TBS Barcelona 03/07/2025   BF1091 CHA B07539 03/07/2025 1 03/07/2025 Book

Powered by Koha